<?xml version="1.0" encoding="UTF-8"?>
<marc:record xmlns:marc="http://www.loc.gov/MARC21/slim">
   <marc:leader>00000nam a2200000 a 4500</marc:leader>
   <marc:datafield ind1="1" ind2=" " tag="100">
      <marc:subfield code="a">Murg, Bernhard</marc:subfield>
      <marc:subfield code="4">aut</marc:subfield>
      <marc:subfield code="e">Verfasser/-in</marc:subfield>
   </marc:datafield>
   <marc:datafield ind1=" " ind2=" " tag="653">
      <marc:subfield code="a">DVDD</marc:subfield>
   </marc:datafield>
   <marc:datafield ind1=" " ind2=" " tag="653">
      <marc:subfield code="a">Komödie</marc:subfield>
   </marc:datafield>
   <marc:datafield ind1=" " ind2=" " tag="653">
      <marc:subfield code="a">Theaterstück</marc:subfield>
   </marc:datafield>
   <marc:datafield ind1=" " ind2=" " tag="653">
      <marc:subfield code="a">Video</marc:subfield>
   </marc:datafield>
   <marc:datafield ind1="0" ind2="0" tag="245">
      <marc:subfield code="a">Die höchst beklagenswerte und gänzlich unbekannte Ehetragödie von Romeo &amp; Julia</marc:subfield>
   </marc:datafield>
   <marc:datafield ind1="0" ind2="0" tag="245">
      <marc:subfield code="b">Ohne Tod kein Happy End,</marc:subfield>
   </marc:datafield>
   <marc:datafield ind1="0" ind2="0" tag="245">
      <marc:subfield code="c">Murg, Bernhard</marc:subfield>
   </marc:datafield>
   <marc:datafield ind1="1" ind2=" " tag="520">
      <marc:subfield code="a">Eine Komödie von Michael Niavarani&#xD;
Sehr lang nach William Shakespeare&#xD;
Romeo und Julia sind nur deswegen das größte Liebespaar der Weltliteratur, weil sie nie miteinander leben mussten, sondern rechtzeitig gestorben sind. Im Falle unserer höchst beklagenswerten Komödie sind nicht die beiden Liebenden gestorben sondern die Liebe. Die Kinder sind aus dem Haus, die Geschäfte laufen gut - und plötzlich tauchen eine alte Liebe und eine junge Schauspielerin auf und allen Beteiligten schießt die Verliebtheit wieder ein! Sofort kommt es zu Lügen, Sex und Betrug ... denn wie sagt William Shakespeare selbst: 'Weise sein und lieben vermag kein Mensch!'</marc:subfield>
   </marc:datafield>
</marc:record>
